|
|
|
|
| LEADER |
02285nam a22004937a 4500 |
| 001 |
29704 |
| 003 |
BD-DhAAL |
| 005 |
20211108132027.0 |
| 008 |
150816s2006 enka 001 0 eng d |
| 999 |
|
|
|c 35244
|d 35244
|
| 010 |
|
|
|a 2006280779
|
| 015 |
|
|
|a GBA604215
|2 bnb
|
| 016 |
7 |
|
|a 013354562
|2 Uk
|
| 020 |
|
|
|a 0521861535 (hbk.)
|
| 020 |
|
|
|a 9780521139878 (paperback)
|
| 020 |
|
|
|a 0521679710 (pbk.)
|
| 020 |
|
|
|a 9780521861533
|
| 020 |
|
|
|a 9780521679718
|
| 035 |
|
|
|a (OCoLC)ocm62532900
|
| 040 |
|
|
|a UKM
|c UKM
|d BAKER
|d BWKUK
|d IXA
|d DLC
|d BD-DhAAL
|
| 050 |
0 |
0 |
|a QA300
|b .R495 2006
|
| 050 |
1 |
4 |
|a QA401
|b .R537 2006
|
| 082 |
0 |
4 |
|a 515.1
|2 22
|
| 100 |
1 |
|
|a Riley, K. F.
|q (Kenneth Franklin),
|d 1936-
|9 13804
|
| 245 |
1 |
0 |
|a Mathematical methods for physics and engineering /
|c K.F. Riley, M.P. Hobson and S.J. Bence.
|
| 250 |
|
|
|a Third edition
|
| 260 |
|
|
|a Cambridge ;
|a New York :
|b Cambridge University Press,
|c 2006.
|
| 300 |
|
|
|a xxvii, 1333 pages :
|b illustrations ;
|c 26 cm.
|
| 500 |
|
|
|a Previous ed.: 2002.
|
| 500 |
|
|
|a Includes index.
|
| 526 |
|
|
|a CSE
|
| 541 |
|
|
|e 29704
|
| 650 |
|
0 |
|a Mathematical analysis.
|9 13445
|
| 650 |
|
0 |
|a Engineering mathematics.
|9 13818
|
| 650 |
|
0 |
|a Mathematical physics.
|9 13806
|
| 650 |
|
0 |
|a Computer science.
|9 42382
|
| 700 |
1 |
|
|a Hobson, M. P.
|q (Michael Paul),
|d 1967-
|9 13807
|
| 700 |
1 |
|
|a Bence, S. J.
|q (Stephen John),
|d 1972-
|9 13819
|
| 852 |
|
|
|a Ayesha Abed Library
|c General Stacks
|
| 942 |
|
|
|2 ddc
|c BK
|
| 952 |
|
|
|0 0
|1 0
|2 ddc
|4 0
|6 515_100000000000000_RIL
|7 0
|9 55251
|a BRACUL
|b BRACUL
|c GEN
|d 2015-08-16
|e Trim Education
|g 1466.00
|l 11
|m 167
|o 515.1 RIL
|p 3010029704
|r 2025-10-22
|s 2025-02-20
|t 1
|w 2015-08-16
|y BK
|x Koha Inventory 2020
|
| 952 |
|
|
|0 0
|1 0
|2 ddc
|4 0
|6 515_100000000000000_RIL
|7 0
|9 55252
|a BRACUL
|b BRACUL
|c GEN
|d 2015-08-16
|e Trim Education
|g 1466.00
|l 15
|m 85
|o 515.1 RIL
|p 3010029705
|r 2022-08-07
|s 2022-07-31
|t 2
|w 2015-08-16
|y BK
|
| 952 |
|
|
|0 0
|1 0
|2 ddc
|4 0
|6 515_100000000000000_RIL
|7 0
|9 62767
|a BRACUL
|b BRACUL
|c GEN
|d 2018-03-05
|e Trim Education
|g 1660.00
|l 7
|m 57
|o 515.1 RIL
|p 3010032796
|q 2026-06-02
|r 2026-02-17
|s 2026-02-17
|t 3
|v 1660.00
|w 2018-03-05
|y BK
|
| 952 |
|
|
|0 0
|1 0
|2 ddc
|4 0
|6 515_100000000000000_RIL
|7 0
|9 62768
|a BRACUL
|b BRACUL
|c GEN
|d 2018-03-05
|e Trim Education
|g 1660.00
|l 6
|m 126
|o 515.1 RIL
|p 3010032797
|r 2025-02-19
|s 2025-01-16
|t 4
|v 1660.00
|w 2018-03-05
|y BK
|